Jasov

Bibliographic Details
Main Author: Güntherová-Mayerová, Alžbeta, 1905-1973 (Author)
Other Authors: Kállay, Karol, 1926-2012 (Photographer)
Format: Book
Language:Slovak
PhysicalDescription:126, [2] s. 8°
Published: Bratislava SVKL 1958
Series:Malá výtvarná knižnica
Subjects:

MARC

LEADER 00000nam a2200000 a 4500
001 vtls008311845
003 SK-MaSNL
005 20260301220505.0
008 181127s1958 xo 000 slo
015 |a SKSNBA1959/01-00195 
035 |a SK01SNK19590004062 
035 |a SKM000006525 
040 |a SNK  |b slo  |c SNK  |e AACR2 
041 1 |a slo 
044 |a xo  |c SK 
080 |a 904(437.6):726.7(084.1)  |2 1981 
080 |a 726.7(437.6)(084.1)  |2 1981 
100 1 |a Güntherová-Mayerová, Alžbeta,  |d 1905-1973  |4 aut  |9 111863 
245 1 0 |a Jasov  |c [autor:] Alžbeta Güntherová ; fot. Karol Kállay 
260 |a Bratislava  |b SVKL  |c 1958  |e Bratislava  |f Polygrafické závody 
300 |a 126, [2] s.  |c 8° 
490 1 |a Malá výtvarná knižnica  |v zv.14. 
500 |a Pozn. 
563 |a 2750 výtl. 
650 0 7 |a kláštory  |z Jasov (Slovensko)  |x dejiny  |x fotografie  |2 SNK  |9 607735 
655 7 |a obrazové publikácie  |2 SNKPH  |9 70343 
700 1 |a Kállay, Karol,  |d 1926-2012  |4 pht  |9 93736 
830 0 |a Malá výtvarná knižnica  |9 429365 
852 |a Slovenská národná knižnica v Martine  |b 10000  |h SD 16590 
852 |a Slovenská národná knižnica v Martine  |b 10000  |h SD 16590 D1 
919 |a viaz. 
958 |a OND 
958 |a TL 
958 |a RK 
999 |c 932011  |d 933941 
952 |a SNK  |b SNK  |y PREZ  |7 0  |p 17A0603954  |o snkSD 16590  |i snkKSP 371/59  |0 0  |1 0  |4 0  |d 2008-11-11  |l 0  |r 2025-12-01 00:00:00  |w 2026-02-24 
952 |a SNK  |b SNK  |y VYP  |7 0  |p 17A0363810  |o snkSD 16590 D1  |i snkKSP 372/59  |0 0  |1 0  |4 0  |d 2008-11-11  |l 0  |r 2026-02-24 08:52:16  |w 2026-02-24